Datum a čas kvízu
32
Celkem bodů
Celkový počet nahraných bodů na tomto kvízu bez doplňovacích otázek.
7.
Pořadí na kvízu
Konečné umístění týmu na tomto kvízu.
Zaznamenané odpovědi
| # | Otázka | Odpověď | Body | Výsledky |
|---|---|---|---|---|
| 1. | Koncept finále bude stejný jak... | září | 1 | |
| 2. | Téma: Kulatá výročí v roce 202... | Le Figaro | 1 | |
| 3. | Téma: Žabomyší války. Na počát... | ypsilonisty | 0 | |
| 4. | Téma: Historie vzdělávání. Seř... | 1A 2C 3D 4B | 1 | |
| 5. | Téma: Věštby a kletby. Když v... | Filip IV. Francouzský (Sličný); Kapetovci | 0 | |
| 6. | Téma: Filmy podle knižní předl... | Ďábel nosí Pradu | 1 | |
| 7. | Téma: Filmy podle skutečné udá... | Liam Neeson; Brněnec | 0.5 | |
| 8. | Téma: Stručné popisy filmů. Je... | Kobry a užovky | 1 | |
| 9. | Téma: Lékařské seriály. Seriál... | Urgent (The Pitt); Pittsburgh | 1 | |
| 10. | Téma: Filmové a seriálové paro... | Philomena | 0 |